| 000 | 00472nam a22001817a 4500 | ||
|---|---|---|---|
| 003 | OSt | ||
| 005 | 20180116182953.0 | ||
| 008 | 140108b xxu||||| |||| 00| 0 eng d | ||
| 020 | _a0 | ||
| 040 |
_a0 _c0 |
||
| 082 | _a330.95491 YOU 1970 | ||
| 100 | _aSyed Yusuf H. Shirazi | ||
| 245 |
_aPakistan key Maashi Masail _cSyed Yousuf H. Shirazi |
||
| 260 |
_aPakistan _bFeroz Sons _c1970 |
||
| 300 |
_a175p. _bHB |
||
| 440 | _aPakistan key Maashi Masail | ||
| 942 |
_2ddc _cBK |
||
| 999 |
_c349584 _d349584 |
||